| 000 | 00582nam a2200217Ia 4500 | ||
|---|---|---|---|
| 005 | 20260429112308.0 | ||
| 008 | 260429s9999||||xx |||||||||||||| ||und|| | ||
| 020 | _a9789357515481 | ||
| 041 | _aEnglish | ||
| 082 |
_a338.4791 _bSIN |
||
| 100 | _aSingh, Neelam | ||
| 245 | 0 |
_aHorticultural tourism / _cNeelam Singh |
|
| 260 |
_aNew Delhi : _bRandom Publications, _c2024. |
||
| 300 | _aix, 220 p.; hb | ||
| 650 | _a Ecotourism | ||
| 650 | _a Garden tourism | ||
| 650 | _a Leisure studies | ||
| 650 | _a Sustainable tourism | ||
| 650 | _aHorticultural tourism | ||
| 942 | _cTB | ||
| 999 |
_c53358 _d53358 |
||